000 00360nam a2200145Ia 4500
005 20251222142011.0
008 251222s9999||||xx |||||||||||||| ||spa||
020 _a9786124366161
082 _a348.8/A89
100 _aÁvalos Jara, Oxal Víctor
245 0 _aEl Amparo Laboral:
250 _a2da.ed.
264 _bJurista Editores E. I. R. L.
942 _cLIB
999 _c10323
_d10323